| 000 | 01141nam a22003137a 4500 | ||
|---|---|---|---|
| 001 | 8309 | ||
| 003 | FISKH | ||
| 005 | 20250908160726.0 | ||
| 008 | 250908b cb ||||| |||| 00| 0 eng d | ||
| 020 | _a0439317916 | ||
| 040 |
_aFISKH _beng _cFISKH _dFISKH |
||
| 050 | _a PZ7.F8654 M | ||
| 082 | _a428.1 | ||
| 100 | _aFrasier, Debra | ||
| 245 |
_aMiss Alaineus : _bA vocabulary disaster / _cWritten and illustrated by Debra Frasier |
||
| 250 | _aFirst Scholastic printing, September 2001 | ||
| 260 |
_aNew York : _bScholastic , _c2000. |
||
| 300 |
_a34 unnumbered pages : _bcolor illustrations ; _c26 cm . |
||
| 505 | _aU | ||
| 520 | _aWhen Sage's spelling and definition of a word reveal her misunderstanding of it to her classmates, she is at first embarrassed but then uses her mistake as inspiration for the vocabulary parade. | ||
| 521 | 8 |
_a820
_bLexile |
|
| 521 | 8 |
_aU
_bRaz-Plus |
|
| 650 |
_aSynonyms _vRealistic fiction |
||
| 650 |
_aVocabulary _vRealistic fiction |
||
| 650 |
_aMaking mistakes _vRealistic fiction |
||
| 700 |
_aFrasier, Debra _eIllustrator |
||
| 942 |
_2ddc _cBK _n0 |
||
| 999 |
_c8309 _d8309 |
||